[Event "Puerto Madryn Primera"]
[Site "Puerto Madryn"]
[Date "2018.12.02"]
[Round "2.3"]
[White "Williams Sastre, Ioan"]
[Black "Pigoni, Luis"]
[Result "1-0"]
[WhiteElo "1572"]
[BlackElo "1755"]
[PlyCount "109"]
[EventDate "2018.12.01"]
[EventType "swiss"]
[EventRounds "7"]
[EventCountry "ARG"]
[SourceTitle "EXT 2024"]
[Source "ChessBase"]
[SourceDate "2023.10.10"]
[SourceVersion "1"]
[SourceVersionDate "2023.10.10"]
[SourceQuality "1"]

1. e4 c5 2. Nc3 d6 3. f4 e6 4. Nf3 a6 5. g3 Nc6 6. Bg2 Be7 7. 0-0 Nf6 8. d3 Qc7 9. a4 b6 10. e5 Nd7 11. Bd2 Bb7 12. exd6 Bxd6 13. Ng5 Nf6 14. f5 e5 15. Nge4 Nxe4 16. Nxe4 0-0-0 17. Bc3 f6 18. Qe1 Nd4 19. Bxd4 exd4 20. a5 b5 21. Qd2 Rhe8 22. Rac1 Be5 23. Kh1 h5 24. b4 cxb4 25. Qxb4 Qe7 26. Qc5+ Qxc5 27. Nxc5 Bxg2+ 28. Kxg2 Rd6 29. Ne6 Rdxe6 30. fxe6 Rxe6 31. Rfe1 Kc7 32. c3 Kd6 33. cxd4 Bxd4 34. Rxe6+ Kxe6 35. Rc6+ Kd5 36. Rxa6 b4 37. Ra8 b3 38. Rb8 b2 39. a6 Kc6 40. Kf3 Bb6 41. a7 Bxa7 42. Rxb2 g6 43. Ra2 Bd4 44. Ke4 Be5 45. d4 Bc7 46. Ra6+ Bb6 47. d5+ Kb5 48. Ra8 Bc7 49. Rg8 g5 50. Rh8 h4 51. gxh4 gxh4 52. Rxh4 Kc5 53. h3 Bd8 54. Rh5 Kd6 55. Rf5 1-0